000 00274nam a2200097Ia 4500
001 727548
005 20250826163451.0
008 250824s9999 xx 000 0 und d
245 0 _aGÜNEŞİN ANAHTARI SERİSİ-1 DÜNYA DAN KURU GEZEGEN E
_cAYŞE YAMAÇ
260 _bBU YAYINEVİ
999 _c727548
_d727548